|
|
|
|
| LEADER |
00000nam0a2200000 4500 |
| 001 |
129453 |
| 005 |
20231101220158.0 |
| 035 |
|
|
|a (RuTPU)RU\TPU\book\140116
|
| 090 |
|
|
|a 129453
|
| 100 |
|
|
|a 20080124d1974 m y0rusy50 ca
|
| 101 |
1 |
|
|a rus
|c spa
|
| 102 |
|
|
|a RU
|
| 105 |
|
|
|a a z 000ay
|
| 200 |
1 |
|
|a Английская испанка
|e Новеллы
|f М. де Сервантес Сааведра
|g пер. с исп. Б. Кржевский ; авт. предисл. З. Плавскин ; худож. М. Беломлинский
|
| 210 |
|
|
|a Ленинград
|c Художественная литература
|d 1974
|
| 215 |
|
|
|a 256 с.
|c ил.
|
| 225 |
1 |
|
|a Народная библиотека
|
| 333 |
|
|
|a Исключено из фонда НТБ ТПУ
|
| 700 |
|
1 |
|a Сервантес Сааведра
|b М. де
|c испанский писатель
|f 1547-1616
|g Мигель де
|9 340
|
| 702 |
|
1 |
|a Кржевский
|b Б.
|4 730
|
| 702 |
|
1 |
|a Плавскин
|b З.
|4 080
|
| 702 |
|
1 |
|a Беломлинский
|b М.
|4 440
|
| 801 |
|
1 |
|a RU
|b 63413507
|c 20080124
|g PSBO
|
| 801 |
|
2 |
|a RU
|b 63413507
|c 20220310
|g PSBO
|
| 942 |
|
|
|c BK
|